000 01228cam a22003374i 4500
001 768714001
003 CO-MdFUSB
005 20240227163014.0
007 ta
008 180901t1996 xxk||||| |||| 00| 0 eng d
020 _a085110956X
040 _aCO-MdFUSB
_bspa
_cCO-MdFUSB
_dCO-MdFUSBC
_erda
041 _aeng
082 _223
_a223.107
_bAT875
100 _aAtkinson, David
_eautor
245 1 4 _aThe Message of Job
_b: suffering and grace
_c/ David Atkinson ; editado por J. A. Motyer
264 1 _aLeicester, Inglaterra :
_bIntervarsity Press,
_c℗[1991]
264 4 _c©1991
300 _a188 páginas ;
_c21 cm
336 _2rdacontent
_atexto
_btxt
337 _2rdamedia
_asin mediación
_bn
338 _2rdacarrier
_avolumen
_bnc
490 _aThe Bible Speaks Today
505 _aJob el justo y la apuesta en el cielo (Job 1-3). --Discursos de los amigos de Job (ver Job 4-27). --Peregrinaciones de la fe de Job (ver Job 4-27 ; 29-31). --Sabiduría humana y Divina (28;32-37). --El Señor habla (38-42).
563 _aTapa rústica
630 7 _aBiblia.
_pJob
_xCrítica, interpretación, etc.
700 _aMotyer, J. A.
_eeditor
_91431
942 _cBK
945 _aJTF-925
999 _c64475
_d64475